000 00689nam a22002055i 4500
001 68581
003 ES-MaACL
005 20230906170318.0
007 t|
008 960809s1875 sp ||||1| spa d
040 _aCAM
_bspa
_cCAM
100 1 _aGasparin, Valerie de.
_955891
245 1 0 _aPaseo por España
_b: relación de un viage á Cataluña, Valencia, Alicante, Murcia y Castilla /
_cpor la condesa de Gasparin.
260 _aValencia :
_b[s.n.],
_c1875 (
_fImpr. de José Domenech)
300 _a325, [2] p. ;
_c21 cm.
490 1 _aBiblioteca de "Las provincias"
830 0 _aBiblioteca de "Las provincias"
_9230950
852 _aES-MaACL
_jC-3301
999 _c68581
_d68581